| 000 | 01041nam0a2200313 4500 | ||
|---|---|---|---|
| 001 | RU\NLR\bibl\1506713 | ||
| 005 | 20260405172049.0 | ||
| 010 |
_a978-5-91282-047-2 _97000 |
||
| 021 |
_aRU _b2010-20443 _91380 |
||
| 035 | _a(nilc)RSL-KNO-004599518 | ||
| 035 | _a(NLR Aleph) 001498132 | ||
| 090 |
_a1789626 _c1789626 |
||
| 100 | _a20100323d2009 |||y0rusy50 ca | ||
| 101 | 0 | _arus | |
| 102 | _aRU | ||
| 105 | _aa ||||||||| | ||
| 200 | 1 |
_aПотешки _e[для чтения взрослыми детям _fхудож.: С. Фоминова] |
|
| 210 |
_aРостов-на-Дону _cЛеда _cСлово _d2009 |
||
| 215 |
_a[8] с. _cцв. ил. _d22 |
||
| 225 | 1 | _aСолнышко | |
| 225 | 1 | _aРадуга | |
| 225 | 1 | _aСерия "Для самых маленьких" | |
| 702 | 1 |
_4040 _8rus _7ca _aФоминова _bС. _cхудожник _3RU\NLR\AUTH\7773620 _956548 |
|
| 801 | 0 |
_aRU _bРГБ _c20100323 _gRCR |
|
| 801 | 1 |
_aRU _bРГБ _c20100323 |
|
| 801 | 2 |
_aRU _bNLR _c20100430 _grcr |
|
| 942 | _cBOOK | ||
| 980 | _aNB | ||